|
|
|
|
| LEADER |
00000nab a2200000 ar4500 |
| 001 |
vtls008998452 |
| 003 |
SK-MaSNL |
| 005 |
20260305031044.0 |
| 008 |
070613c20060606xo mr|p|||||||000 b|slo |
| 038 |
|
|
|a SNSK
|
| 040 |
|
|
|b slo
|c SNSK
|e AACR2
|
| 041 |
|
|
|a slo
|
| 044 |
|
|
|a xo
|c SK
|
| 080 |
|
|
|a 627.51
|2 2001
|
| 080 |
|
|
|a 551.577.61
|2 2001
|
| 245 |
0 |
0 |
|a Slovinský potok bral ploty i úrodu
|b Spiš. V 16 obciach Spiša platí tretí stupeň povodňovej aktivity
|c [autor](šim)
|
| 300 |
|
|
|b Fotogr.
|
| 650 |
0 |
7 |
|a povodne
|2 snsk
|9 15273
|
| 651 |
|
7 |
|a Slovinský potok (Slovensko)
|2 snsk
|9 1608628
|
| 651 |
|
7 |
|a Slovinky (Slovensko)
|2 snsk
|9 55586
|
| 651 |
|
7 |
|a Spišská Nová Ves (Slovensko : okres)
|2 snsk
|9 22259
|
| 773 |
0 |
|
|t Spišský denník Korzár
|g Roč. VIII., č. 129 (6.6.2006), s. 3
|x 1335-759X
|
| 852 |
|
|
|a SNSK
|b KIS3GCP
|
| 999 |
|
|
|c 3314432
|d 3316362
|